Entrance to kindergarten : what is the best age? /

Bibliographic Details
Main Author: Wolf, James M.
Other Authors: Kessler, Anna L.
Format: Book
Language:English
Published: Arlington, Va. (2000 Clarendon Blvd., Arlington 22201) : Educational Research Service, [1987]
Series:ERS monograph.
Subjects:

MARC

Tag First Indicator Second Indicator Subfields
LEADER 00000cam a2200000 a 4500
001 in00000026007
005 20151007055754.0
008 880518s1987 vau b 00010 eng
010 |a  88141759  
020 |c $28.00 (pbk. : $14.00 to members) 
035 |a (OCoLC)17345673 
035 |9 AAB9221AM 
040 |a DLC  |c DLC  |d TXA  |d UtOrBLW 
043 |a n-us--- 
049 |a TXAM  |c [A11532415] 
050 0 0 |a LB1133  |b .W65 1987 
082 0 |a 372/.21/0973  |2 19 
100 1 |a Wolf, James M. 
245 1 0 |a Entrance to kindergarten :  |b what is the best age? /  |c by James M. Wolf and Anna L. Kessler. 
264 1 |a Arlington, Va. (2000 Clarendon Blvd., Arlington 22201) :  |b Educational Research Service,  |c [1987] 
264 4 |c ©1987 
300 |a iii, 62 pages ;  |c 28 cm. 
336 |a text  |b txt  |2 rdacontent 
337 |a unmediated  |b n  |2 rdamedia 
338 |a volume  |b nc  |2 rdacarrier 
490 1 |a ERS monograph 
504 |a Bibliography: pages [51]-62. 
650 0 |a School age (Entrance age) 
650 0 |a Kindergarten  |z United States. 
650 0 |a Readiness for school. 
700 1 |a Kessler, Anna L. 
830 0 |a ERS monograph. 
999 |a MARS 
999 f f |s aaf68033-da73-33e3-9047-0ecbef0c1fa4  |i 979353f5-dbf0-3486-9298-194c4ab90156  |t 0 
952 f f |p normal  |a Texas A&M University  |b College Station  |c Sterling C. Evans Library  |d Evans: Library Stacks  |t 0  |e LB1133 .W65 1987  |h Library of Congress classification  |i unmediated -- volume  |m A14811532415 
998 f f |a LB1133 .W65 1987  |t 0  |l Evans: Library Stacks